Dinge die mit T anfangen (Kenshin Edition) - Statistiken

Allgemein
  • Dieses Quiz wurde 278 mal gespielt
  • Das Durchschnittsergebnis liegt bei 11 aus 16
Antwortstatistiken
Bildquiz Antwort % Korrekt
Tiger
100%
Türkei
99%
Thüringen
94%
Tennis
90%
Tornado
90%
Tortellini
79%
Taco
75%
Turkmenistan
72%
Thunfisch
71%
Toskana
67%
Tansania
66%
Tokyo
60%
Tonga
47%
Tasmanischer Teufel
45%
Tibet
34%
Teriyaki
15%
Keine übereinstimmenden Quizze gefunden
Verteilung der Resultate
Anzahl Personen mit jedem Resultat
Perzentil nach korrekt beantworteten Fragen
Ihre Resultats-Entwicklung
Sie haben dieses Quiz noch nicht gespielt